Concise handbook of civil engineering / (Record no. 338119)

MARC details
000 -LEADER
fixed length control field 00452cam a2200181ua 4500
003 - CONTROL NUMBER IDENTIFIER
control field OSt
008 - FIXED-LENGTH DATA ELEMENTS--GENERAL INFORMATION
fixed length control field 250422b |||||||| |||| 00| 0 eng d
041 ## - LANGUAGE CODE
Language code of text/sound track or separate title eng
082 ## - DEWEY DECIMAL CLASSIFICATION NUMBER
Classification number 624.028
Item number VAZ/CO
100 ## - MAIN ENTRY--PERSONAL NAME
Personal name Vazirani, V N .
9 (RLIN) 1702
245 ## - TITLE STATEMENT
Title Concise handbook of civil engineering /
250 ## - EDITION STATEMENT
Edition statement 1 /
260 ## - PUBLICATION, DISTRIBUTION, ETC. (IMPRINT)
Place of publication, distribution, etc. New Delhi :
Name of publisher, distributor, etc. S.Chand & Sons ,
Date of publication, distribution, etc. 1993.
300 ## - PHYSICAL DESCRIPTION
Extent 984 ; .
500 ## - GENERAL NOTE
General note *CSS
700 1# - ADDED ENTRY--PERSONAL NAME
Personal name Chandala, S P .
9 (RLIN) 7408
942 ## - ADDED ENTRY ELEMENTS (KOHA)
Koha item type Books (General)
Holdings
Withdrawn status Lost status Damaged status Not for loan Home library Current library Date acquired Total Checkouts Full call number Barcode Date last seen Copy number Price effective from Koha item type Shelving location
        Kelappaji College of Agricultural Engineering & Technology Library, Tavanur Kelappaji College of Agricultural Engineering & Technology Library, Tavanur 07/04/2012   624.028 VAZ/CO KAU_KCAEFT-21783 27/02/2016 3 07/04/2012 Books (General)  
        Kelappaji College of Agricultural Engineering & Technology Library, Tavanur Kelappaji College of Agricultural Engineering & Technology Library, Tavanur 23/07/2018   028.71624 VAZ/CO KAU_KCAEFT-17923 23/07/2018   23/07/2018 Book Bank scheme for SC students  
        Kelappaji College of Agricultural Engineering & Technology Library, Tavanur Kelappaji College of Agricultural Engineering & Technology Library, Tavanur 23/07/2018   028.71624 VAZ/CO KAU_KCAEFT-17922 23/07/2018   23/07/2018 Book Bank scheme for SC students  
Kerala Agricultural University Central Library
Thrissur-(Dt.), Kerala Pin:- 680656, India
Ph : (+91)(487) 2372219
E-mail: librarian@kau.in
Website: http://library.kau.in/